000 00593nam a2200205Ia 4500
003 GCL
008 140319s9999 xx 000 0 eng d
040 _aGCL /
_cGCL
082 0 4 _a658.5
_bB P
100 1 _aSHIVAN, JAMES
245 1 0 _aPRODUCTION MANAGEMENT SYSTEMS: AN INTEGRATED PRESPECTIVES /
_cSHIVAN, JAMES
700 1 _aBROWNE, JIMMIE
700 1 _aHARSHEN, JOHN
260 _a[S.N] :
_bADDISON - WESLEY PUBLISHING COMPANY ،
_c1996
300 _a425 P
650 0 4 _aPRODUCTION MANAGEMENT
650 0 4 _aMANAGEMENT
650 0 4 _aCOMPUTER INTEGRATED MANUFACTURE
942 _2ddc
_cBK
999 _c13321
_d13321